000 00617nam a22002177a 4500
003 DO-SdBNP
005 20171205085249.0
008 161031b 1987 ve 00| 0 spa d
020 _a980290001X
040 _aBPMSU
_bspa
_cBPMSU
082 _axxxx
_bxxxx
100 1 _aHerrera Luque, Francisco
245 1 0 _aManuel Piar, Caudillo de dos colores /
_cFrancisco Herrera Luque
250 _a2a. ed.
260 _aVenezuela :
_bPomaire,
_c1987.
300 _a112 p. :
_c22 cm.
910 _a000144
942 _2ddc
_cBK
945 _ainventariado extranjero / DG
956 _2YLOCKWARD
_310
_8BPMSU
_aYngrid Lockward
999 _c12982
_d12982